01533nam a22002297a 450000500170000000800410001702000180005804000070007604100120008308200200009510000250011524500740014026000440021430000260025836500520028452007070033665000220104370000270106594200120109299900190110495201800112320240703093218.0240627b ||||| |||| 00| 0 eng d a9788119792788 cAL aEnglish 223a158.1bSHAW aRobin Sharma9172354 aWealth money cant buy : The 8 hidden habits to live your richest life aAhmedabadbJaico Publishing Housec2024 a394 p.bPBc23x15 cm. a554b₹400.00c₹d₹499.00e20%f01-05-2024 aReal wealth is so much more than cash in the bank, flashy cars in the driveway and luxury vacations on exotic islands. Many financially prosperous people are very poor in the areas that truly matter for a life of happiness, healthiness, connectedness and peacefulness. There’s no point in chasing the trappings of success that society has sold to us when the truth is that they mostly lead to emptiness, frustration and lasting regret. There is a much better way to live. In The Wealth Money Can’t Buy, you will discover a life-altering system that will easily help you lead your richest life, the one that the strongest and wisest part of you knows you deserve to live, before it’s too late.  aSelf-Help9172355 aSHARMA (Robin)9171809 2ddccBK c231329d231329 00102ddc40708GENaALbALd2024-05-14eBiblios Book Point Surathkal Mangalore 575014g400.00l3o158.1 SHAWp077190r2026-02-11 14:29:05s2026-02-06v499.00w2024-06-27yBK